| 000 | 00555nam a22001937a 4500 | ||
|---|---|---|---|
| 999 |
_c306 _d306 |
||
| 003 | AR-CdUCM | ||
| 008 | 190222b ||||| |||| 00| 0 spa d | ||
| 040 |
_aMUNICIPALIDAD PROVINCIAL DEL CUSCO _cBIBLIOTECA MUNICIPAL DEL CUSCO |
||
| 082 |
_a828.9 / _bW52 |
||
| 100 |
_aWest, Morris _91257 |
||
| 245 | _aEl embajador / | ||
| 260 |
_aChile : _bEditorial Pomaire ; _c1965. |
||
| 300 |
_a291 paginas ; _c18 cm. |
||
| 650 |
_aImaginación _91181 |
||
| 650 |
_aEmbajador _91258 |
||
| 650 |
_aEl Embajador _91259 |
||
| 942 |
_2ddc _cLIBROS |
||
| 945 |
_arum _d2019-02-22 |
||